000 00662nam a22002177a 4500
003 OSt
005 20230622105304.0
008 230622b |||||||| |||| 00| 0 eng d
020 _a9780743282253
040 _cNIRUC
_dNIRUC
050 _aJK468.I6
_b.S56 2008
100 _aShorrock Tim,
_d2008.
_eauthor.
245 _a Spies for hire :
_bthe secret world of intelligence outsourcing/
_cauthor.
260 _aNew York ;
_bSimon & Schuster,
_c2008.
300 _a451p, ;
_c24cm.
650 _2Intelligence service--Contracting out
650 _2National security
650 _2Diplomatic relations
700 _aShorrock Tim,
_d2008.
_eauthor.
942 _2lcc
_cBK
_n0
999 _c143
_d143